Red Dead Redemption Animals - Statistics

General Stats
  • This quiz has been taken 233 times
  • The average score is 16 of 34
Answer Stats
Animals % Correct
Bear
88%
Deer
77%
Horse
77%
Wolf
73%
Cougar
70%
Cow
70%
Dog
70%
Snake
64%
Eagle
60%
Buffalo
56%
Sheep
56%
Rabbit
55%
Coyote
54%
Pig
53%
Elk
51%
Crow
49%
Fox
46%
Chicken
45%
Goat
45%
Armadillo
40%
Boar
40%
Hawk
36%
Vulture
35%
Duck
33%
Beaver
32%
Buck
30%
Mule
28%
Bobcat
21%
Raccoon
21%
Owl
20%
Skunk
20%
Seagull
16%
Bighorn
14%
Songbird
10%
No matching quizzes found
Score Distribution
Percent of People with Each Score
Percentile by Number Answered
Your Score History
You have not taken this quiz